000 00307nam a22001337a 4500
082 _a894.812.1
_bVEA/C
100 _aVENNIYOOR, RASHEED
245 _aCHITHALARIKKATHA CHINTHAKAL
260 _aVENNIYUR
_bMANDHARAM
_c2022
300 _a98
520 _aMALAYALAM POEM
650 _aMALAYALAM POEM
942 _cBK
999 _c5758
_d5758